realigning Research and Practice in Information Systems Development. (Record no. 18424)
[ view plain ]
| 000 -LEADER | |
|---|---|
| fixed length control field | 00548nam a22001577a 4500 |
| 008 - FIXED-LENGTH DATA ELEMENTS--GENERAL INFORMATION | |
| fixed length control field | 200806b xxu||||| |||| 00| 0 eng d |
| 020 ## - INTERNATIONAL STANDARD BOOK NUMBER | |
| International Standard Book Number | 1475763669 |
| 050 ## - LIBRARY OF CONGRESS CALL NUMBER | |
| Classification number | T58.6 |
| Item number | .R43 2001 c.1 |
| 245 ## - TITLE STATEMENT | |
| Title | realigning Research and Practice in Information Systems Development. |
| Remainder of title | The Social and Organisational Perspctive |
| Statement of responsibility, etc. | Edited by Nancy L. Russo |
| 260 ## - PUBLICATION, DISTRIBUTION, ETC. (IMPRINT) | |
| Place of publication, distribution, etc. | New York |
| Name of publisher, distributor, etc. | Springer |
| Date of publication, distribution, etc. | 2001 |
| 300 ## - PHYSICAL DESCRIPTION | |
| Extent | viii, 475p. |
| 650 ## - SUBJECT ADDED ENTRY--TOPICAL TERM | |
| Topical term or geographic name as entry element | Management Information Systems |
| Form subdivision | congresses |
| 700 ## - ADDED ENTRY--PERSONAL NAME | |
| Personal name | Brian Fitzgerald |
| 700 ## - ADDED ENTRY--PERSONAL NAME | |
| Personal name | Janice I DeGross |
| 942 ## - ADDED ENTRY ELEMENTS (KOHA) | |
| Source of classification or shelving scheme | Library of Congress Classification |
| Koha item type | General Collection |
| Withdrawn status | Lost status | Source of classification or shelving scheme | Not for loan | Home library | Current library | Date acquired | Cost, normal purchase price | Total Checkouts | Full call number | Barcode | Date last seen | Price effective from | Koha item type | Date last checked out |
|---|---|---|---|---|---|---|---|---|---|---|---|---|---|---|
| Library of Congress Classification | Kabarak, Main Campus | Kabarak, Main Campus | 06/08/2020 | 18908.00 | T58.6 .R43 2001 c.1 | 028907 | 06/08/2020 | 06/08/2020 | General Collection | |||||
| Library of Congress Classification | Kabarak, Main Campus | Kabarak, Main Campus | 06/08/2020 | 18908.00 | 1 | T58.6 .R43 2001 c.2 | 028908 | 30/06/2022 | 06/08/2020 | General Collection | 16/06/2022 | |||
| Library of Congress Classification | Kabarak, Nakuru City Campus | Kabarak, Nakuru City Campus | 06/08/2020 | 18908.00 | T58.6 .R43 2001 c.1 | 028909 | 06/08/2020 | 06/08/2020 | General Collection |